[Event "SUI-ch HT1 118th"]
[Site "Lenzerheide"]
[Date "2018.07.14"]
[Round "3"]
[White "Fischer, Daniel1111"]
[Black "Mueller, Leonhard"]
[Result "1/2-1/2"]
[WhiteElo "2263"]
[BlackElo "2199"]
[PlyCount "57"]
[EventDate "2018.07.12"]
[EventType "swiss"]
[EventRounds "9"]
[EventCountry "SUI"]
[SourceTitle "EXT 2019"]
[Source "ChessBase"]
[SourceDate "2018.10.10"]
[SourceVersion "1"]
[SourceVersionDate "2018.10.10"]
[SourceQuality "1"]

1. e4 c5 2. Nf3 g6 3. d4 cxd4 4. Nxd4 Nc6 5. Nc3 Bg7 6. Nb3 Nf6 7. Be2 0-0 8. 0-0 d6 9. Re1 Be6 10. Bf1 Rc8 11. Bg5 a6 12. Nd5 Bxd5 13. exd5 Ne5 14. a4 Re8 15. a5 Nc4 16. Bxc4 Rxc4 17. Qd3 Rc7 18. c3 Qd7 19. Nd2 e6 20. dxe6 fxe6 21. Rad1 d5 22. Bf4 Rc5 23. b4 Rcc8 24. Nb3 Qc6 25. Nc5 Nd7 26. Be3 Ne5 27. Qe2 Nc4 28. Qc2 e5 29. Bg5 1/2-1/2

[Event "SUI-ch HT1 118th"]
[Site "Lenzerheide"]
[Date "2018.07.13"]
[Round "2"]
[White "Mueller, Leonhard"]
[Black "Klauser, Andreas P"]
[Result "1-0"]
[WhiteElo "2199"]
[BlackElo "1804"]
[PlyCount "74"]
[EventDate "2018.07.12"]
[EventType "swiss"]
[EventRounds "9"]
[EventCountry "SUI"]
[SourceTitle "EXT 2019"]
[Source "ChessBase"]
[SourceDate "2018.10.10"]
[SourceVersion "1"]
[SourceVersionDate "2018.10.10"]
[SourceQuality "1"]

1. d4 f5 2. Nf3 Nf6 3. g3 d6 4. Bg2 g6 5. b3 Bg7 6. Bb2 0-0 7. 0-0 Qe8 8. c4 Na6 9. d5 c5 10. Nc3 h6 11. a3 g5 12. e3 Qg6 13. Qc2 Bd7 14. Rfe1 Rf7 15. Rad1 Raf8 16. Rd2 Qh5 17. Qd3 Nc7 18. Ba1 Ng4 19. Ne2 Ne8 20. Bxg7 Rxg7 21. Nc3 f4 22. exf4 gxf4 23. Nh4 Ne5 24. Qc2 f3 25. Qd1 Rg5 26. Ne4 Rg7 27. Re3 Bg4 28. Bf1 Bf5 29. Kh1 Bd7 30. h3 Nf6 31. Nxf6+ Rxf6 32. Kh2 Qf7 33. Bd3 Rg5 34. Bf1 Qh5 35. Qc2 Qf7 36. Rd1 Qh5 37. Rde1 Rg7 1-0

[Event "Olympiad-42"]
[Site "Baku"]
[Date "2016.09.13"]
[Round "11.2"]
[White "Mueller, Leonhard"]
[Black "Sabar, Ethmane Daouda"]
[Result "1/2-1/2"]
[WhiteElo "2204"]
[BlackElo "2063"]
[PlyCount "65"]
[EventDate "2016.09.02"]
[EventType "team-swiss"]
[EventRounds "11"]
[EventCountry "AZE"]
[SourceTitle "CBM 175"]
[Source "ChessBase"]
[SourceDate "2016.11.10"]
[SourceVersion "1"]
[SourceVersionDate "2016.11.10"]
[SourceQuality "1"]
[WhiteTeam "Namibia"]
[BlackTeam "Mauritania"]
[WhiteTeamCountry "NAM"]
[BlackTeamCountry "MAU"]

1. d4 d5 2. c4 e6 3. Nf3 c6 4. Qc2 Nf6 5. g3 Nbd7 6. Bg2 Be7 7. 0-0 0-0 8. Nbd2 b6 9. e4 dxe4 10. Nxe4 Nxe4 11. Qxe4 Ba6 12. b3 Rc8 13. Rd1 Bf6 14. Bf4 Qe7 15. Ne5 Bb7 16. h4 Rfd8 17. Qe3 h5 18. Be4 g6 19. Qf3 Nb8 20. Rd3 Bxe5 21. Bxe5 f5 22. Bxb8 fxe4 23. Qxe4 Rxb8 24. Qxg6+ Qg7 25. Qxh5 c5 26. Re1 Rxd4 27. Rxd4 Qxd4 28. Qg6+ Qg7 29. Qxe6+ Qf7 30. Qg4+ Qg7 31. Qe6+ Qf7 32. Qg4+ Qg7 33. Qe6+ 1/2-1/2

[Event "Gibraltar Masters 12th"]
[Site "Caleta"]
[Date "2014.02.02"]
[Round "6"]
[White "Kaczmarczyk, Dennis"]
[Black "Mueller, Leonhard"]
[Result "1-0"]
[WhiteElo "2358"]
[BlackElo "2191"]
[PlyCount "53"]
[EventDate "2014.01.28"]
[EventType "swiss"]
[EventRounds "10"]
[EventCountry "GGB"]
[SourceTitle "CBM 159"]
[Source "ChessBase"]
[SourceDate "2014.03.17"]
[SourceVersion "1"]
[SourceVersionDate "2014.03.17"]
[SourceQuality "1"]

1. d4 Nf6 2. c4 g6 3. Nc3 Bg7 4. e4 d6 5. f4 c5 6. d5 0-0 7. Nf3 a6 8. a4 e6 9. Be2 exd5 10. cxd5 Re8 11. e5 dxe5 12. fxe5 Ng4 13. e6 fxe6 14. d6 Nc6 15. 0-0 Nge5 16. Ne4 Nxf3+ 17. Bxf3 h6 18. Bh5 Ne5 19. Bxg6 Rf8 20. Bh5 Rxf1+ 21. Qxf1 Qh4 22. Qe2 Bd7 23. g3 Qh3 24. Bf4 Bc6 25. Bxe5 Bxe5 26. Bg4 Bd4+ 27. Kh1 1-0

[Event "Gibraltar Masters 12th"]
[Site "Caleta"]
[Date "2014.02.01"]
[Round "5"]
[White "Mueller, Leonhard"]
[Black "Nilsen, Martin"]
[Result "1-0"]
[WhiteElo "2191"]
[BlackElo "1878"]
[PlyCount "65"]
[EventDate "2014.01.28"]
[EventType "swiss"]
[EventRounds "10"]
[EventCountry "GGB"]
[SourceTitle "CBM 159"]
[Source "ChessBase"]
[SourceDate "2014.03.17"]
[SourceVersion "1"]
[SourceVersionDate "2014.03.17"]
[SourceQuality "1"]

1. d4 Nf6 2. c4 c5 3. d5 e6 4. Nc3 exd5 5. cxd5 d6 6. e4 g6 7. f4 Bg7 8. Bb5+ Nfd7 9. a4 a6 10. Be2 0-0 11. Nf3 Re8 12. 0-0 Nf6 13. e5 Nfd7 14. e6 fxe6 15. dxe6 Nf6 16. f5 gxf5 17. Ng5 Bxe6 18. Nxe6 Rxe6 19. Bc4 d5 20. Nxd5 Kh8 21. Bg5 Re4 22. Qb3 Nc6 23. Qxb7 Na5 24. Qxg7+ Kxg7 25. Bxf6+ Qxf6 26. Nxf6 Rxc4 27. Rxf5 Kg6 28. Raf1 Rf8 29. R5f3 Ra8 30. Nd7 Kg7 31. Rg3+ Kh8 32. Nb6 Rf8 33. Rxf8# 1-0

[Event "Gibraltar Masters 12th"]
[Site "Caleta"]
[Date "2014.01.31"]
[Round "4"]
[White "Trent, Lawrence"]
[Black "Mueller, Leonhard"]
[Result "1-0"]
[WhiteElo "2424"]
[BlackElo "2191"]
[PlyCount "61"]
[EventDate "2014.01.28"]
[EventType "swiss"]
[EventRounds "10"]
[EventCountry "GGB"]
[SourceTitle "CBM 159"]
[Source "ChessBase"]
[SourceDate "2014.03.17"]
[SourceVersion "1"]
[SourceVersionDate "2014.03.17"]
[SourceQuality "1"]

1. e4 c5 2. Nf3 d6 3. Bb5+ Bd7 4. Bxd7+ Qxd7 5. 0-0 e6 6. c3 Nf6 7. Re1 Nc6 8. d4 cxd4 9. cxd4 d5 10. e5 Ne4 11. Nbd2 Nxd2 12. Bxd2 Be7 13. Rc1 0-0 14. Rc3 Rac8 15. a3 a6 16. Rd3 Rc7 17. h4 Rfc8 18. Ng5 h6 19. Nh3 f5 20. h5 Bf8 21. g4 fxg4 22. Qxg4 Kh7 23. Nf4 Nd8 24. Rf3 Qe8 25. Ba5 Rf7 26. Bxd8 Rxd8 27. Ree3 Re7 28. Ng6 Rf7 29. Rxf7 Qxf7 30. Rf3 Qg8 31. Qf4 1-0

[Event "Gibraltar Masters 12th"]
[Site "Caleta"]
[Date "2014.01.29"]
[Round "2"]
[White "Whatley, Stephen Arthur"]
[Black "Mueller, Leonhard"]
[Result "0-1"]
[WhiteElo "1855"]
[BlackElo "2191"]
[PlyCount "82"]
[EventDate "2014.01.28"]
[EventType "swiss"]
[EventRounds "10"]
[EventCountry "GGB"]
[SourceTitle "CBM 159"]
[Source "ChessBase"]
[SourceDate "2014.03.17"]
[SourceVersion "1"]
[SourceVersionDate "2014.03.17"]
[SourceQuality "1"]

1. e4 c5 2. Nf3 Nc6 3. d4 cxd4 4. Nxd4 Qb6 5. Nb3 Nf6 6. Nc3 e6 7. Qe2 Bb4 8. Bd2 0-0 9. a3 Be7 10. 0-0-0 d5 11. e5 Nd7 12. f4 a6 13. Qh5 Rd8 14. Bd3 Nf8 15. Rhf1 Qc7 16. Rf3 g6 17. Qh6 b5 18. Na2 a5 19. Be3 d4 20. Bf2 Bb7 21. Rh3 a4 22. Nd2 Na5 23. Kb1 Rac8 24. Rc1 Nc4 25. Be1 Bxg2 26. Rg3 Bd5 27. h4 Ne3 28. h5 Nf5 29. Bxf5 exf5 30. hxg6 fxg6 31. Rd3 Ne6 32. Bh4 Bxh4 33. Qxh4 Bxa2+ 34. Kxa2 b4 35. axb4 Qb7 36. Rh3 Rd7 37. Rh2 Qxb4 38. Nf3 Rb8 39. c3 Qb3+ 40. Ka1 dxc3 41. bxc3 Qa3+ 0-1

[Event "Gibraltar Masters 12th"]
[Site "Caleta"]
[Date "2014.01.28"]
[Round "1"]
[White "Mueller, Leonhard"]
[Black "Fier, Alexandr"]
[Result "0-1"]
[WhiteElo "2191"]
[BlackElo "2572"]
[PlyCount "80"]
[EventDate "2014.01.28"]
[EventType "swiss"]
[EventRounds "10"]
[EventCountry "GGB"]
[SourceTitle "CBM 159"]
[Source "ChessBase"]
[SourceDate "2014.03.17"]
[SourceVersion "1"]
[SourceVersionDate "2014.03.17"]
[SourceQuality "1"]

1. Nf3 d5 2. c4 d4 3. e3 Nc6 4. b4 dxe3 5. fxe3 Nxb4 6. d4 e5 7. a3 Nc6 8. d5 e4 9. Nfd2 Ne5 10. Nxe4 Qh4+ 11. Nf2 Ng4 12. g3 Nxf2 13. Qf3 Qf6 14. Qxf6 Nxf6 15. Kxf2 Ne4+ 16. Kf3 Bf5 17. Nd2 Nc5 18. e4 Bg6 19. Bb2 0-0-0 20. Bd4 f6 21. Bh3+ Kb8 22. Bf5 Bd6 23. Rhe1 Nd3 24. Re3 Ne5+ 25. Kg2 c5 26. Bc3 Bf7 27. h4 h6 28. a4 Rhe8 29. a5 Re7 30. Ra4 h5 31. Ba1 Bc7 32. Ra2 Rde8 33. Ra4 Ng4 34. Bxg4 hxg4 35. a6 Bg6 36. axb7 Bxe4+ 37. Kf2 Bc2 38. Rxe7 Rxe7 39. Ra2 Bd3 40. Nf1 Bxc4 0-1

[Event "Olympiad-40"]
[Site "Istanbul"]
[Date "2012.09.07"]
[Round "10.2"]
[White "Mueller, Leonhard"]
[Black "Mustafa, Wail"]
[Result "1-0"]
[WhiteElo "2166"]
[BlackElo "2075"]
[PlyCount "95"]
[EventDate "2012.08.28"]
[EventType "team-swiss"]
[EventRounds "11"]
[EventCountry "TUR"]
[SourceTitle "CBM 151"]
[Source "ChessBase"]
[SourceDate "2012.11.13"]
[SourceVersion "1"]
[SourceVersionDate "2012.11.13"]
[SourceQuality "1"]
[WhiteTeam "Namibia"]
[BlackTeam "Palestine"]
[WhiteTeamCountry "NAM"]
[BlackTeamCountry "PLE"]

1. c4 c5 2. Nf3 Nf6 3. Nc3 Nc6 4. g3 g6 5. d4 cxd4 6. Nxd4 Bg7 7. Bg2 0-0 8. 0-0 Qa5 9. Nb3 Qh5 10. e4 Qxd1 11. Rxd1 d6 12. c5 dxc5 13. Nxc5 Bg4 14. f3 Bc8 15. Be3 b6 16. Nd3 Ba6 17. e5 Ne8 18. f4 Bb7 19. Nf2 Rc8 20. Rd7 Nc7 21. Nb5 Nxb5 22. Rxb7 Rfd8 23. Rc1 Na5 24. Rxc8 Rxc8 25. Rxe7 Nc4 26. Bb7 Rd8 27. Ba6 Bf8 28. Bxb5 Nxe3 29. Rd7 Rc8 30. Ne4 Rc1+ 31. Kf2 Ng4+ 32. Ke2 Rc2+ 33. Kd3 Rxb2 34. Bc4 Nh6 35. e6 b5 36. Bd5 Kg7 37. e7 Bxe7 38. Rxe7 Rxh2 39. Rxa7 Rb2 40. g4 Nxg4 41. Rxf7+ Kg8 42. Ng5 Nf2+ 43. Kc3 Nd1+ 44. Kd4 Rd2+ 45. Kc5 h6 46. Rd7+ Kf8 47. Nh7+ Ke8 48. Nf6+ 1-0

[Event "Olympiad-40"]
[Site "Istanbul"]
[Date "2012.09.01"]
[Round "5.2"]
[White "Qureshi, MA."]
[Black "Mueller, Leonhard"]
[Result "1/2-1/2"]
[WhiteElo "2190"]
[BlackElo "2166"]
[PlyCount "72"]
[EventDate "2012.08.28"]
[EventType "team-swiss"]
[EventRounds "11"]
[EventCountry "TUR"]
[SourceTitle "CBM 151"]
[Source "ChessBase"]
[SourceDate "2012.11.13"]
[SourceVersion "1"]
[SourceVersionDate "2012.11.13"]
[SourceQuality "1"]
[WhiteTeam "Pakistan"]
[BlackTeam "Namibia"]
[WhiteTeamCountry "PAK"]
[BlackTeamCountry "NAM"]

1. d4 g6 2. c4 Bg7 3. Nc3 Nf6 4. e4 d6 5. Nf3 0-0 6. Be2 e5 7. 0-0 Nc6 8. d5 Ne7 9. Ne1 Ne8 10. Nd3 f5 11. Bd2 Kh8 12. b4 Ng8 13. Rc1 fxe4 14. Nxe4 Nef6 15. f3 Nxe4 16. fxe4 Qh4 17. Rxf8 Bxf8 18. Nf2 Bh6 19. g3 Qe7 20. c5 Bxd2 21. Qxd2 Nf6 22. cxd6 cxd6 23. Qe3 Ne8 24. Bb5 Bd7 25. Bd3 Kg7 26. Be2 Qd8 27. Rc3 h6 28. Ra3 b6 29. h4 Nc7 30. Rc3 Ne8 31. Bg4 Rc8 32. Qc1 Rxc3 33. Qxc3 Bxg4 34. Nxg4 h5 35. Nf2 g5 36. hxg5 Qxg5 1/2-1/2

[Event "Olympiad-40"]
[Site "Istanbul"]
[Date "2012.08.29"]
[Round "2.2"]
[White "Mueller, Leonhard"]
[Black "Mensing, Fabio"]
[Result "1/2-1/2"]
[WhiteElo "2166"]
[BlackElo "2088"]
[PlyCount "158"]
[EventDate "2012.08.28"]
[EventType "team-swiss"]
[EventRounds "11"]
[EventCountry "TUR"]
[SourceTitle "CBM 151"]
[Source "ChessBase"]
[SourceDate "2012.11.13"]
[SourceVersion "1"]
[SourceVersionDate "2012.11.13"]
[SourceQuality "1"]
[WhiteTeam "Namibia"]
[BlackTeam "Netherlands Antilles"]
[WhiteTeamCountry "NAM"]
[BlackTeamCountry "AHO"]

1. g3 Nf6 2. c4 c5 3. Bg2 Nc6 4. Nc3 g6 5. Nf3 Bg7 6. d4 cxd4 7. Nxd4 Qb6 8. Nb3 d6 9. 0-0 Bd7 10. Bg5 Qd8 11. c5 d5 12. Qd2 Be6 13. Rfd1 0-0 14. Bxf6 Bxf6 15. Nxd5 Bxd5 16. Bxd5 Qc7 17. Bxc6 Qxc6 18. Rac1 Qa4 19. Ra1 e6 20. Qf4 Qxf4 21. gxf4 Bxb2 22. Rab1 Ba3 23. Rd7 Rab8 24. Rbd1 Rfc8 25. Re7 Bxc5 26. Nxc5 Rxc5 27. Rdd7 Rf5 28. e3 a6 29. Kg2 b6 30. Kg3 Rf8 31. Rd6 Ra5 32. Rxb6 Rxa2 33. Ra7 a5 34. Rb5 a4 35. Rb4 a3 36. Rb3 Rc8 37. Rbb7 Rf8 38. Rb3 Kg7 39. Raxa3 Rxa3 40. Rxa3 Rc8 41. Ra5 Rc1 42. Kg2 Kf6 43. h4 h5 44. Rb5 Rd1 45. Ra5 Rd7 46. Rb5 Re7 47. Re5 Ra7 48. Rb5 Ra4 49. Kg3 Ra1 50. Kg2 Rc1 51. Ra5 Rd1 52. Rb5 Rd7 53. Ra5 Re7 54. Re5 Kg7 55. Kg3 Ra7 56. Rb5 Kf8 57. Kf3 Ke7 58. Rc5 Kd6 59. Rb5 Rc7 60. Ra5 Rb7 61. Ra6+ Ke7 62. Ra5 Kf6 63. Kg3 Rb1 64. Kg2 Rb4 65. Kf3 Rb1 66. Kg2 Rc1 67. Rb5 Ra1 68. Rc5 Rd1 69. Ra5 Rd7 70. Kf3 Re7 71. Re5 Rb7 72. Ra5 Rb1 73. Kg2 Rd1 74. Rb5 Rd7 75. Ra5 Re7 76. Re5 Ra7 77. Rb5 Ra1 78. Rc5 Ra7 79. Rb5 Re7 1/2-1/2

[Event "EU-Cup 25th"]
[Site "Ohrid"]
[Date "2009.10.04"]
[Round "1.3"]
[White "Mueller, Leonhard"]
[Black "Arsovic, Zoran"]
[Result "0-1"]
[WhiteElo "2208"]
[BlackElo "2468"]
[PlyCount "94"]
[EventDate "2009.10.04"]
[EventType "team-swiss"]
[EventRounds "7"]
[EventCountry "MKD"]
[SourceTitle "CBM 133"]
[Source "ChessBase"]
[SourceDate "2009.11.19"]
[SourceVersion "1"]
[SourceVersionDate "2009.11.19"]
[SourceQuality "1"]
[WhiteTeam "Niederrohrdorf"]
[BlackTeam "Belgrade Lasta"]
[WhiteTeamCountry "SUI"]
[BlackTeamCountry "YEM"]

1. d4 Nf6 2. c4 g6 3. Nc3 Bg7 4. e4 d6 5. Nf3 0-0 6. Be2 Nbd7 7. 0-0 e5 8. Qc2 Re8 9. d5 Nh5 10. g3 Bf8 11. Be3 Ndf6 12. b4 Be7 13. Ne1 a5 14. bxa5 Bh3 15. Ng2 Rxa5 16. f3 Nd7 17. Qd2 b6 18. Rab1 Nc5 19. f4 Nf6 20. Bxc5 bxc5 21. fxe5 dxe5 22. Rb7 Ra8 23. Rfb1 Rf8 24. Ne1 Ne8 25. Nf3 Nd6 26. R7b3 Re8 27. Qe3 f5 28. Bd3 Bf8 29. a4 Qf6 30. Qg5 Qg7 31. Qh4 Bg4 32. Ng5 h6 33. exf5 gxf5 34. Bxf5 Bxf5 35. Ne6 Bxe6 36. dxe6 Rxe6 37. Nd5 Rae8 38. Rf1 Be7 39. Qh3 Bg5 40. Rbf3 e4 41. Rf8+ Rxf8 42. Qxe6+ Kh7 43. Rxf8 Qxf8 44. Nxc7 e3 45. h4 Qf2+ 46. Kh1 e2 47. Qd7+ Qf7 0-1

[Event "Olympiad-38"]
[Site "Dresden"]
[Date "2008.11.17"]
[Round "5"]
[White "Mueller, Leonhard"]
[Black "Hamperl, Fred A"]
[Result "1/2-1/2"]
[WhiteElo "2199"]
[BlackElo "2076"]
[PlyCount "140"]
[EventDate "2008.11.13"]
[EventType "team-swiss"]
[EventRounds "11"]
[EventCountry "GER"]
[SourceTitle "CBM 128"]
[Source "ChessBase"]
[SourceDate "2009.01.28"]
[SourceVersion "1"]
[SourceVersionDate "2009.01.28"]
[SourceQuality "1"]
[WhiteTeam "Namibia"]
[BlackTeam "Guernsey"]
[WhiteTeamCountry "NAM"]
[BlackTeamCountry "GCI"]

1. d4 Nf6 2. c4 c5 3. d5 e6 4. Nc3 exd5 5. cxd5 d6 6. e4 g6 7. f4 Bg7 8. Bb5+ Nfd7 9. a4 0-0 10. Nf3 Na6 11. 0-0 Nb4 12. Re1 a6 13. Bf1 Re8 14. h3 f5 15. Qb3 fxe4 16. Nxe4 Nf6 17. Nxf6+ Bxf6 18. Bd2 Rxe1 19. Rxe1 Bf5 20. Bxb4 Qb6 21. g4 Bd7 22. a5 Qxb4 23. Qxb4 cxb4 24. Re4 Bxb2 25. Rxb4 Bc3 26. Rxb7 Bc8 27. Re7 Bxa5 28. Ng5 Bb6+ 29. Kh2 h6 30. Re8+ Kg7 31. Ne6+ Kf7 32. Rf8+ Ke7 33. Rh8 a5 34. g5 hxg5 35. fxg5 Bxe6 36. Rxa8 Bxd5 37. Ra6 Bd4 38. Bd3 Bc3 39. Kg3 Be1+ 40. Kg4 Be6+ 41. Kf3 Bxh3 42. Bxg6 Bd2 43. Kg3 Bf1 44. Ra7+ Ke6 45. Bf7+ Kf5 46. g6 Be1+ 47. Kf3 Bc3 48. Be8 Bc4 49. Rc7 Bd5+ 50. Ke3 Be5 51. Bf7 Bh1 52. Ra7 Bf4+ 53. Ke2 Bh6 54. Rxa5+ d5 55. Ra7 Kf6 56. Ra6+ Kg7 57. Kd3 Be4+ 58. Kd4 Bg5 59. Be8 Kf8 60. Bd7 Kg7 61. Be8 Kf8 62. Bf7 Kg7 63. Ke5 Bh4 64. Be8 Kf8 65. Ra8 Kg7 66. Ra7+ Kf8 67. g7+ Kg8 68. Bh5 Be1 69. Ke6 Bc3 70. Ra8+ Kxg7 1/2-1/2

[Event "Lenk op 20th"]
[Site "Lenk"]
[Date "2008.03.23"]
[Round "5"]
[White "Mueller, Leonhard"]
[Black "Lehmann, Andreas"]
[Result "1-0"]
[WhiteElo "2170"]
[BlackElo "2261"]
[PlyCount "95"]
[EventDate "2008.03.20"]
[EventType "swiss"]
[EventRounds "7"]
[EventCountry "SUI"]
[SourceTitle "CBM 123 Extra"]
[Source "ChessBase"]
[SourceDate "2008.05.06"]
[SourceVersion "1"]
[SourceVersionDate "2008.05.06"]
[SourceQuality "1"]

1. d4 d5 2. c4 c6 3. Nf3 Nf6 4. Nc3 dxc4 5. e3 b5 6. a4 b4 7. Nb1 a5 8. Bxc4 e6 9. 0-0 Be7 10. Nbd2 Nbd7 11. e4 0-0 12. e5 Nd5 13. Ne4 N5b6 14. Bd3 Bb7 15. Bg5 c5 16. Bxe7 Qxe7 17. Nd6 Bxf3 18. Qxf3 Qh4 19. Be4 Rab8 20. g3 Qe7 21. Qd3 f5 22. Bg2 Rfd8 23. Rfd1 cxd4 24. Qxd4 Nf8 25. b3 Ng6 26. Rac1 Rd7 27. Rc6 Na8 28. Ra6 Nc7 29. Rxa5 Nxe5 30. Rxe5 Rbd8 31. Nxf5 Qf6 32. Nh6+ Qxh6 33. Qxd7 Rxd7 34. Rxd7 Qc1+ 35. Bf1 Qc6 36. Rd8+ Kf7 37. Bc4 Kf6 38. Re3 e5 39. Rf8+ Kg6 40. Rxe5 Qd6 41. Rff5 h6 42. h4 Kh7 43. h5 Qd1+ 44. Kg2 Qd6 45. Kh2 Kh8 46. a5 Kh7 47. Kg1 Kh8 48. a6 1-0

[Event "EU-Cup 23rd"]
[Site "Kemer"]
[Date "2007.10.08"]
[Round "6.4"]
[White "Petersen, Steen Brustrup"]
[Black "Mueller, Leonhard"]
[Result "1/2-1/2"]
[WhiteElo "2154"]
[BlackElo "2173"]
[PlyCount "34"]
[EventDate "2007.10.03"]
[EventType "team-swiss"]
[EventRounds "7"]
[EventCountry "TUR"]
[SourceTitle "EXT 2020"]
[Source "ChessBase"]
[SourceDate "2019.10.17"]
[SourceVersion "1"]
[SourceVersionDate "2019.10.17"]
[SourceQuality "1"]
[WhiteTeam "Bronshoj"]
[BlackTeam "Niederrohrdorf"]
[WhiteTeamCountry "DEN"]
[BlackTeamCountry "SUI"]

1. e4 c5 2. Nf3 Nc6 3. Nc3 g6 4. d4 cxd4 5. Nxd4 Bg7 6. Be3 Nf6 7. Bc4 0-0 8. f3 Qb6 9. Bb3 Nxe4 10. Nd5 Qa5+ 11. c3 Bxd4 12. Bxd4 Nc5 13. Bc4 Ne6 14. Be3 Ng7 15. 0-0 d6 16. Kh1 Be6 17. Re1 Rfe8 1/2-1/2